Statistics for NHL Top Five Scorers per Franchise

Click here to take the quiz!

General Stats

  • This quiz has been taken 1,427 times
    (460 since last reset)
  • The average score is 78 of 160

Answer Stats

Answer% Correct
918 | 1669Wayne Gretzky
92%
1485*Alexander Ovechkin
86%
1040*Patrice Bergeron
86%
1502*Sidney Crosby
86%
1809Gordie Howe
85%
1056*Steven Stamkos
85%
1723Mario Lemieux
83%
988Teemu Selänne
83%
1034Mark Messier
82%
307*William Karlsson
82%
1229*Evgeni Malkin
81%
1225°Patrick Kane
81%
850*Connor McDavid
80%
691Mark Messier
80%
1153Bobby Hull
79%
936Brett Hull
79%
1506 (D)Ray Bourque
79%
1755Steve Yzerman
79%
1041Daniel Sedin
78%
1070Henrik Sedin
78%
1046Henri Richard
78%
1055Joe Thornton
78%
953Martin St. Louis
78%
966Maurice Richard
78%
1079Jaromir Jagr
77%
1641Joe Sakic
77%
729*Nikita Kucherov
77%
1012Phil Esposito
77%
511*Filip Forsberg
76%
1043Jari Kurri
76%
631*Aleksander Barkov
75%
1141*Anze Kopitar
75%
1019Ryan Getzlaf
75%
987Mats Sundin
74%
1111Patrick Marleau
74%
1246Guy Lafleur
73%
1359Mike Modano
73%
1095Jarome Iginla
72%
1142 (D)Nicklas Lidström
72%
518° (D)Erik Karlsson
71%
547Rick Nash
71%
594° (D)Brent Burns
70%
776°Corey Perry
70%
1108Daniel Alfredsson
70%
1032*Nicklas Bäckström
70%
652* (D)Victor Hedman
70%
691* (D)Kris Letang
69%
1126Mike Bossy
69%
613°Jonathan Huberdeau
67%
601* (D)Roman Josi
66%
812*Blake Wheeler
65%
1307Marcel Dionne
65%
759*Nathan MacKinnon
65%
1025Patrik Elias
65%
972Shane Doan
65%
900°Claude Giroux
64%
847*Jamie Benn
64%
1154Luc Robitaille
62%
203*Mark Stone
61%
1175Ron Francis
61%
1467Stan Mikita
61%
622* (D)John Carlson
60%
348*Jonathan Marchessault
60%
1210Bobby Clarke
59%
761°Joe Pavelski
59%
775°Eric Staal
58%
468*Sebastian Aho
58%
874Vincent Lecavalier
58%
120*Jared McCann
56%
1353Bryan Trottier
55%
107*Jordan Eberle
55%
623Keith Tkachuk
55%
981 (D)Brian Leetch
53%
621°John Tavares
52%
1219Jean Beliveau
51%
645*Mark Scheifele
51%
609°Johnny Gaudreau
50%
1052 (D)Denis Potvin
49%
1339Johnny Bucyk
49%
700*Logan Couture
49%
669Paul Kariya
49%
443 (D)Shea Weber
49%
636Brian Sutter
48%
473Rod Brind'Amour
48%
247* (D)Shea Theodore
48%
1326Gilbert Perreault
47%
709Mikko Koivu
47%
99* (D)Vince Dunn
47%
822 (D)Al MacInnis
45%
615Ilya Kovalchuk
45%
286*Reilly Smith
45%
369° (D)Ryan Suter
45%
424*Kyle Connor
43%
400°Zach Parise
43%
929Dale Hawerchuk
42%
883 (D)Larry Robinson
42%
437Marián Gaborík
42%
960Henrik Zetterberg
41%
756Markus Naslund
41%
687Jason Spezza
40%
419Olli Jokinen
40%
379* (D)Jared Spurgeon
39%
789Mike Gartner
39%
1096Denis Savard
37%
733Trevor Linden
37%
768 (D)Börje Salming
36%
804Dave Andreychuk
36%
906Glenn Anderson
36%
329*Boone Jenner
35%
916Darryl Sittler
35%
830Theoren Fleury
35%
1048Peter Stastny
34%
553°Vladimir Tarasenko
33%
825Peter Bondra
32%
558 (D)Phil Housley
32%
805Milan Hejduk
30%
566David Legwand
29%
402°Cam Atkinson
28%
96*
Yanni Gourde
28%
616Joe Nieuwendyk
28%
651Dino Ciccarelli
27%
1021Rod Gilbert
27%
334°Nick Foligno
25%
1073Bernie Federko
24%
1281Alex Delvecchio
23%
946Michel Goulet
23%
695Rick Martin
22%
410 (D)Wade Redden
22%
883Bill Barber
21%
858Dave Keon
21%
1069Dave Taylor
19%
491Alexei Yashin
18%
817Jean Ratelle
18%
663Clark Gillies
17%
484Scott Gomez
17%
898Rick Middleton
16%
534 (D)Teppo Numminen
15%
75*Alexander Wennberg
14%
729Andy Bathgate
13%
521Bryan Little
13%
673Stan Smyl
13%
701John MacLean
12%
923Steve Larmer
12%
817Thomas Steen
12%
481Martin Erat
11%
722Brian Bellows
10%
713George Armstrong
10%
867Neal Broten
10%
354Scott Mellanby
10%
550Travis Zajac
10%
849Brian Propp
9%
520Kirk Muller
9%
432Steve Rucchin
9%
317David Vyborny
8%
697Rick MacLeish
7%
672Craig Ramsay
6%
575Garry Unger
6%
394Stephen Weiss
6%
544Kevin Dineen
5%

Score Distribution

Percentile by Number Answered

Percent of People with Each Score

Your Score History

You have not taken this quiz since the last reset